000 00575nam a22001817a 4500
005 20251108165015.0
008 250721s1992 xx 000 0 ara d
082 1 4 _a531.6/توب
100 1 _aتوبة، ميكزيسلو
245 1 0 _aأزمة الطاقة و الدراسات الكونية /
246 1 1 _aEvolution of matter & Energy
264 1 _aدمشق :
_bدار المعرفة للنشر و التوزيع،
_c1992.
300 _a366ص
650 1 7 _aالطاقة
700 1 _aفوق العادة، فايز
_eترجمة
942 _2ddc
_cBK
999 _c19698
_d19698